Teaching engineering: a beginner's guide (Record no. 544836)

000 -LEADER
fixed length control field 00407nam a22001457a 4500
020 ## - INTERNATIONAL STANDARD BOOK NUMBER
International Standard Book Number 0-87942-234-3
082 ## - DEWEY DECIMAL CLASSIFICATION NUMBER
Classification number 620.00711
Author Mark TEA
-- L-37, P-69
100 ## - MAIN ENTRY--PERSONAL NAME
Personal name Gupta, Madhu S.
9 (RLIN) 40580
245 ## - TITLE STATEMENT
Title Teaching engineering: a beginner's guide
Statement of responsibility, etc. Madhu S. Gupta
260 ## - PUBLICATION, DISTRIBUTION, ETC.
Place of publication, distribution, etc. India
Name of publisher, distributor, etc. IEEE Press
Date of publication, distribution, etc. 1987
300 ## - PHYSICAL DESCRIPTION
Extent ix, 273.p:
526 ## - STUDY PROGRAM INFORMATION NOTE
Program name 0
Interest level 0
Reading level 0
Title point value 620_007110000000000_TEA
650 ## - SUBJECT ADDED ENTRY--TOPICAL TERM
Topical term or geographic name entry element MCE
9 (RLIN) 379
942 ## - ADDED ENTRY ELEMENTS (KOHA)
Source of classification or shelving scheme
Koha item type Book
Holdings
Withdrawn status Lost status Source of classification or shelving scheme Damaged status Not for loan Permanent Location Current Location Date acquired Total Checkouts Full call number Barcode Date last seen Price effective from Koha item type
          Military College of Engineering (MCE) Military College of Engineering (MCE) 05/12/2014   620.00711 TEA MCE-28765 05/12/2014 05/12/2014 Book
© 2023 Central Library, National University of Sciences and Technology. All Rights Reserved.